000 00580nam a2200217Ia 4500
005 20240104112739.0
008 140110s9999 xx 000 0 und d
020 _a9780143414056
_c250.00
040 _aLoreto College
041 _aEnglish
082 _a894.811
_bAMB
100 _aAmbai
245 _aFish in a Dwindling Lake,
_cAmbai
250 _aTranslated by Lakshmi Holmstrom
260 _aNew Delhi
_bPenguin
_c2012
300 _axx, 149p.
650 _aTamil novel translated into english
700 _aHolmstrom, Lakshmi tr.
850 _aLCLIB
942 _cBK
999 _c38450
_d88929